Name the Futurama Characters - Statistics

General Stats
  • This quiz has been taken 72 times
    66 since last reset
  • The average score is 27 of 120
Answer Stats
Answer % Correct
Phillip J. Fry
100%
Turanga Leela
98%
Hermes Conrad
95%
Bender Bending Rodriguez
93%
Dr. Zoidberg
93%
Professor Hubert Farnsworth
93%
Amy Wong
91%
Scruffy
86%
Captain Zapp Branigan
84%
Cubert J. Farnsworth
80%
Kif Kroker
80%
Mom
75%
Nibbler
73%
Richard Nixon
73%
Labarbara Conrad
68%
LRRR (Ruler of the planet Omicron Persiei 8)
68%
Calculon
64%
The Robot Devil
64%
Flexo
59%
Leo Wong
59%
Morbo
59%
Roberto
59%
Francis x. Clampazzo
57%
Don Bot
52%
Dwight Conrad
50%
Elzar
48%
Spiro Agnew
48%
Dr Ogden Wernstrom
45%
Hedonism Bot
45%
Barbados Slim
39%
Hypno Toad
39%
Ndnd
34%
Igner
27%
Inez Wong
25%
Preacher Bot
25%
Walt
25%
Yancy Fry
25%
Larry
23%
Sal
20%
The Crushinator
20%
Turanga Morris
20%
URL
18%
Joey Mousepad
16%
Kwanzaa Bot
16%
Michelle
16%
Tiny Tim
16%
Turanga Munda
16%
Ethan "Bubblegum" Tate
14%
Mr. Panucci
14%
Smitty
14%
Fat Bot
11%
JRRR
11%
Santa Claus
11%
Yivo
11%
Fishy Joe Gilman
9%
Horrible Gelatenous Blob
9%
Petunia
9%
Fanny
7%
Monique
7%
Slurm Queen
7%
Destructor
5%
Edna
5%
Fender
5%
Slurms Mackenzie
5%
Animatronio
2%
Ben Rodriguez
2%
Chain Smoker
2%
Femputer
2%
Lisa
2%
Malfunctioning Eddie
2%
Mellvar
2%
Robot 1X
2%
sally
2%
Umbriel
2%
Yancy Fry Sr.
2%
Abner Doubledeal
0%
Admiral Chu
0%
Andy Goldman
0%
Big Caboose
0%
Billionairebot
0%
Brett Blob
0%
Cartridge Unit
0%
Clear Cutter
0%
Comrade Greeting Card
0%
Countess de la roca
0%
Dr. Perceptron
0%
Emporer Nikolai
0%
Fabricio
0%
Farmer Bot
0%
Fly Mutant
0%
Foreigner
0%
Frankie
0%
Gammabot
0%
Gearshift
0%
Hair Robot
0%
Helmut Spargle
0%
iHawk
0%
iZac
0%
Jezabel
0%
John Quincy Adding Machine
0%
Lars Fillmore
0%
Master of the Hunt
0%
Moose
0%
Mouth Mutant
0%
Mr. Astor
0%
Ned Farnsworth
0%
Number Nine Man
0%
Nurse Ratchet
0%
Paco
0%
Pickles
0%
Raoul
0%
Rock Alien
0%
Sherrif Burley
0%
Silicon Red
0%
Space Pope
0%
Tex Connecticut
0%
The Borax Kid
0%
Velma Farnsworth
0%
Vladimir
0%
Vyolet
0%
No matching quizzes found
Score Distribution
Percent of People with Each Score
Percentile by Number Answered
Your Score History
You have not taken this quiz since the last reset